000 00644nam a2200193 4500
001 110244
003 ES-MaACL
005 20230906185017.0
007 t|
008 061121s1925 sp r ||||1| spa d
100 1 _aOctavio de Toledo y Zulueta, Luis,
_d1857-1934
_986510
245 1 0 _aElementos de aritmética universal /
_cLuis Octavio de Toledo.
250 _a4ª. ed.
260 _aMadrid :
_b[s.n.],
_c1925 (
_fImp. Clásica Española)
300 _a2v. ;
_c25 cm.
505 8 _aContiene: Vol. I Calculatoria. Vol II Coordinatoria. Determinantes. Algoritmos ilimitados
852 _aES-MaACL
_jA-12-13
999 _c110244
_d110244